Quiz mythologique : Aphrodite. - Statistiques

Statistiques générales
  • Ce quiz a été pris 248 fois
  • Le résultat moyen est 7 sur 12
Statistiques - réponses
Questions Réponses % Correct
De quoi Aphrodite est-elle la déesse? Amour
96%
Nom romain Vénus
92%
ou (selon Homère) Zeus
89%
Mari Héphaïstos
87%
Avec quel dieu a-t-elle eu son fils Éros? Arès
80%
Quelle célèbre statue exposée au Louvre représenterait la déesse Aphrodite? Vénus de Milo
75%
Quel berger arbitra son conflit avec Héra et Athéna et la déclara la plus belle des trois déesses? Pâris
70%
Père (selon Hésiode) Ouranos
60%
Lequel de ses amants est à l'origine d'une expression signifiant que l'on est extrêmement beau? Adonis
35%
Sur quelle île méditerranéenne, témoin de sa naissance, est-elle particulièrement honorée? Chypre
35%
Mère (selon Homère) Dioné
17%
Par son union avec ce prince troyen, elle est considérée comme à l'origine de la famille des Julio-claudiens. Anchise
14%
Aucun quiz correspondant
Distribution des résultats
% des personnes avec chaque résultat
Percentile par nombre de réponses
Votre historique - résultats
Vous n’avez pas pris ce quiz